000 00567nam a2200193 i 4500
001 bgj
245 1 0 _aAuf der Brücke :
_baus der Verkündigung von Otto Riethmüller /
_czusammengestellt von Gertrud Staewen.
260 _aBerlin ;
_aDahlem :
_bBurckhardthaus-Verlag,
_c1939.
300 _a191, [1] s. :
_bil. ;
_c21 cm.
650 9 _aLiteratura niemiecka
700 1 _aSTAEWEN, Gertrud.
700 1 _aRIETHMÜLLER, Otto.
040 _cBPK
041 0 _ager
044 _aDEU
080 _a821.112.2
942 _cKS
008 s gw f |000 0 ger
999 _c50040
_d50040
856 _uhttp://koha.tu.koszalin.pl/cgi-bin/koha/opac-detail.pl?biblionumber=50040
_yKatalog online BPK